000 02157nam a2200481 c 4500
003 BLK
005 20240605160816.0
008 180409b bul|||||r ||||||| ||bul||
010 _aKNG00143170000
020 _a978-954-28-1281-4
_bиздат.: Сиела Норма
040 _aBLK
041 _aBUL
_cBUL
072 7 _2bullib
_aН83
_xЧужда художествена литература Н
080 _aАмериканска литература (на САЩ)
_b821.111(73)
_x-94
_z821.111(73)-94
080 _aДруги видове песни. Изпълнители
_b784.7.071.2
_x(410)(092)(0:82-9)
_z784.7.071.2(410)(092)(0:82-9)
080 _aАдел Лори Блу Адкинс. Английскa поппевица и текстописец
_b929 Адел
_x
_z929 Адел
100 1 _aШапиро, Марк
_eпърви автор
_9325738
700 1 _aСербезова-Леви, Стоянка Минчева
_eпрев. от англ.
_9119812
139 _aШапиро, Марк
_bШ 28
245 1 0 _aАдел
_bБиогр.
_cМарк Шапиро; прев. от англ. Стоянка Минчева Сербезова-Леви.
257 _aUSA
260 София
_bСиела Норма
_c2013
_fКостинброд : Мултипринт
300 _a204 с.
_bс ил.
_c21 см
380 _aX
500 _aОриг. загл. Adele : The Biography / Marc Shapiro.
600 1 4 _aАдел
_9325739
650 4 _aПопизпълнители
_9167151
650 4 _aАдел
_9325739
650 4 _aПопмузика, английска
_9265277
650 4 _aМузикални изпълнители, английски
_9270445
651 4 _aВеликобритания
_9178698
653 _aпопизпълнители
653 _aпопзвезди
653 _aАдел
653 _aроманизувани биографии
653 _aпопмузика
852 _aЦб 259527
856 4 _qpdf
_u
856 4 _qpdf
_u
942 _cKNG
_n0
_016
944 _aCR
_c28.05.2013
_lЦветелина Шанова
_k30531
944 _aED
_c25.08.2014
_lф /
_k
999 _c137204
_d137204